Manual de la maestra de preescolar / (Registro nro. 14682)

Detalles MARC
000 -LIDER
fixed length control field 02063nam a22003017a 4500
003 - IDENTIFICACDOR DE NÚMERO DE CONTROL
control field DO-SdBNP
005 - DATE AND TIME OF LATEST TRANSACTION
control field 20240621121604.0
008 - ELEMENTOS DE LONGITUD FIJA
fixed length control field 170112b2012 sp a 00| 0 spa d
020 ## - ISBN
International Standard Book Number 9788449435379
040 ## - FUENTE DE CATALOGACIÓN
Agencia que crea de manera original el registro BPMSU
Idioma de catalogación spa
Agencia que realiza la transcripción BPMSU
082 #4 - NÚMERO DE CLASIFICACIÓN DECIMAL DE DEWEY
Classification number 372.21
Item number A283m 2012
Edition number 22
100 1# - ASIENTO PRINCIPAL -- NOMBRE PERSONAL
Nombre personal Aguilar, Marcela
Mención de responsabilidad autor
245 10 - MENCIÓN DE TITULO
Título Manual de la maestra de preescolar /
Mención de responsabilidad Marcela Aguilar, Mirta Gloria Fenández, Lucas Pacheco
260 ## - PUBLICACIÓN, DISTRIBUCIÓN, ETC. (PIE DE IMPRENTA)
Lugar de publicación, distribución, etc Barcelona :
Nombre del editor, distribuidor, etc. Océano,
Fecha de publicación, distribución, etc 2012
300 ## - DESCRIPCIÓN FÍSICA
Extensión 592 p. :
Otros detalles físicos il. ;
Dimensiones 26 cm.
505 0# - NOTA DE CONTENIDO
Texto normalizado de contenido El jardín maternal.-- El niño de 45 días a 24 meses.-- Recursos.-- El jardín de infancia.-- Desarrollos teóricos.-- Didáctica de las matemáticas.-- Didáctica de la lengua.-- Didáctica de las ciencias naturales.-- Didáctica de la tecnología.-- Didáctica de las ciencias sociales.-- Yo, tú, nosotros.-- Recuerdos de otros tiempos.-- Somos constructores.-- Sensación y sentimientos.-- Trabajos, maquinas y herramientas.-- De la tierra a la luna.-- A valorar.-- Recursos.-- Aprendemos a cuidarnos.-- El agua.-- Recursos.-- Pelos, plumas o escamas.-- mensajes y mensajes.-- El campo.-- La ciudad.-- Pinceles.-- caballetes y cinceles.-- Señoras y señores con ustedes.-- Y sonó la orquesta.-- La evaluación de la educación en valores.
520 ## - RESUMEN, ETC.
Nota de resumen, etc. La presente obra es una propuesta teórica y práctica exclusivamente dedicada al perfeccionamiento y actualización del docente de nivel inicial. La misma aborda, fundamentalmente, la problemática surgida frente a los últimos cambios didácticos-pedagógicos, con la aparición en el ámbito educativo de una nueva infancia y la dificultad que tienen muchos maestros para hacerle frente
590 ## - NOTA LOCAL
Enlace Inventariado, 2024/VM
650 #4 - ENCABEZAMIENTO DE MATERIA--TEMÁTICO
Término temático o nombre geográfico como elemento de entrada Educación preescolar
Subdivisión de forma
650 #4 - ENCABEZAMIENTO DE MATERIA--TEMÁTICO
Término temático o nombre geográfico como elemento de entrada Jardines infantiles
650 #4 - ENCABEZAMIENTO DE MATERIA--TEMÁTICO
Término temático o nombre geográfico como elemento de entrada Didáctica pedagógica
650 #4 - ENCABEZAMIENTO DE MATERIA--TEMÁTICO
Término temático o nombre geográfico como elemento de entrada Manual de preescolar
650 #4 - ENCABEZAMIENTO DE MATERIA--TEMÁTICO
Término temático o nombre geográfico como elemento de entrada Psicología educativa
700 1# - ASIENTO SECUNDARIO -- NOMBRE PERSONAL
Nombre personal González, Adriana
Mención de responsabilidad selección
700 1# - ASIENTO SECUNDARIO -- NOMBRE PERSONAL
Nombre personal Hernández, Mariela,
Mención de responsabilidad ed.
910 ## - VALIDACIÓN
Validación VMateo V. Control de calidad. BPMSU
942 ## - ADDED ENTRY ELEMENTS (KOHA)
Source of classification or shelving scheme Dewey Decimal Classification
Koha item type Libros
Existencias
Withdrawn status Lost status Source of classification or shelving scheme Damaged status Not for loan Collection code Home library Current library Date acquired Total Checkouts Full call number Barcode Date last seen Copy number Price effective from Koha item type
    Dewey Decimal Classification     Colección General Biblioteca Pública Metropolitana Salomé Ureña Biblioteca Pública Metropolitana Salomé Ureña 06/21/2024   BPMSU CG 372.21 A283m 2012 BPMSU24060072 06/21/2024 e.2 06/21/2024 Libros
    Dewey Decimal Classification     Colección General Biblioteca Pública Metropolitana Salomé Ureña Biblioteca Pública Metropolitana Salomé Ureña 06/21/2024   BPMSU CG 372.21 A283m 2012 BPMSU24060073 06/21/2024 06/21/2024 Libros